| 000 | 00500nam a2200181 a 4500 | ||
|---|---|---|---|
| 005 | 20140310183411.0 | ||
| 008 | 030920s19uu xx 00 eng d | ||
| 020 | _a9780439784542 | ||
| 050 |
_aPZ 7 _b.R79835Hal 2005 |
||
| 100 | _aRowling, J.K. | ||
| 245 |
_aHarry Potter and the half-blood prince / _cJ.K. Rowling. |
||
| 250 | _aBook 6 | ||
| 260 |
_aNew York : _bScholastic Press, _c2005. |
||
| 300 |
_a870 p. : _bill. ; _c24 cm. |
||
| 650 | _aFiction | ||
| 942 |
_cBK _2lcc _kFOR |
||
| 999 |
_c22504 _d22504 |
||